000
00277nam a22001217a 4500
008
170428b xxu||||| |||| 00| 0 eng d
041
_a
eng
080
_a
343.9
100
_a
13
101
_a
SHJ
245
_a
COURTS OF TERROR TELFORD TAYLOR
_c
TAYLOR.T
942
_2
udc
_c
BK
999
_c
12310
_d
12310